Visualizzazione normale
Vista MARC
- Diritto canonico.
di Genre/Form Term
Records bibliografici associati: 1
001 - CONTROL NUMBER
- control field: 59172
003 - CONTROL NUMBER IDENTIFIER
- control field:
005 - DATE AND TIME OF LATEST TRANSACTION
- control field: 20220915161607.0
008 - FIXED-LENGTH DATA ELEMENTS
- fixed length control field: 220915|| aca||aabn | a|a d
040 ## - CATALOGING SOURCE
- Original cataloging agency:
- Transcribing agency:
155 ## - HEADING--GENRE/FORM TERM
- Genre/form term: Diritto canonico.
- Form subdivision: Fonti.
- Chronological subdivision: Storia
670 ## - SOURCE DATA FOUND
- Source citation: Work cat.: ()0: Erdö, Péter 1952- autore 59171, Storia delle Fonti del Diritto Canonico., 2008 (settima ristampa 2021)